Daňovo-odvodové zaťaženie práce vo vybraných krajinách EÚ diplomová práca

Uložené v:
Podrobná bibliografia
Hlavný autor: Lászlová, Sofia
Korporativný autor: Národohospodárska fakulta EU. Katedra financií
Ďalší autori: Ihnatišinová, Denisa, 1983-
Médium: Kniha
Jazyk:Slovak
Vydavateľské údaje: Bratislava 2024
Tagy: Pridať tag
Žiadne tagy, Buďte prvý, kto otaguje tento záznam!

MARC

LEADER 00000nbm a2200000 4500
001 0300708
005 20250605090009.2
041 0 |a slo 
044 |a SK 
245 1 0 |a Daňovo-odvodové zaťaženie práce vo vybraných krajinách EÚ  |b diplomová práca  |c Sofia Lászlová ; školiteľ: Denisa Ihnatišinová 
264 1 |a Bratislava  |c 2024 
300 |a 69 s. 
100 1 |a Lászlová, Sofia 
700 1 |a Ihnatišinová, Denisa, 1983- 
710 2 |a Národohospodárska fakulta EU. Katedra financií